Finančný majetok podnikateľov

Finančný majetok podnikateľa a poukázanie na rôzne skutočnosti, ktoré vznikajú pri obstarávaní finančného majetku a nakladaní s ním na spôsob účtovania v nadväznosti na právnu úpravu v príslušných hmotnoprávnych predpisoch a úpravu v postupoch účtovania podnikateľov.

Salvato in:
Dettagli Bibliografici
Autore principale: Kaletová, Viera
Natura: Capitolo di libro
Lingua:slovacco
Soggetti:
Tags: Aggiungi Tag
Nessun Tag, puoi essere il primo ad aggiungerne!!

MARC

LEADER 00000naa$a2200000$$$4500
001 0036793
005 20231114090246.4
041 0 |a slo 
044 |a SK 
245 1 0 |a Finančný majetok podnikateľov  |c Viera Kaletová 
520 |a Finančný majetok podnikateľa a poukázanie na rôzne skutočnosti, ktoré vznikajú pri obstarávaní finančného majetku a nakladaní s ním na spôsob účtovania v nadväznosti na právnu úpravu v príslušných hmotnoprávnych predpisoch a úpravu v postupoch účtovania podnikateľov. 
610 2 0 |a majetok finančný 
610 2 0 |a podnikatelia 
610 2 0 |a účtovníctvo podvojné 
610 2 0 |a účtovníctvo jednoduché 
610 2 0 |a papiere cenné 
610 2 0 |a akcie 
610 2 0 |a predpisy daňové 
610 2 0 |a podiely na zisku 
610 2 0 |a výnosy 
610 2 0 |a účtovanie 
100 1 |a Kaletová, Viera